Les Pays Contenant Un Point Cardinal Dand Leur Nom - Statistiques

Statistiques générales
  • Ce quiz a été pris 70 fois
    56 depuis la dernière actualisation
  • Le résultat moyen est 5 sur 6
Statistiques - réponses
Continent Réponse % Correct
Asie Corée du Sud
100%
Asie Corée du Nord
98%
Afrique Soudan du Sud
96%
Afrique Afrique du Sud
94%
Europe Macédoine du Nord
86%
Asie Timor Oriental
72%
Aucun quiz correspondant
Distribution des résultats
% des personnes avec chaque résultat
Percentile par nombre de réponses
Votre historique - résultats
Vous n’avez pas pris ce quiz depuis la dernière actualisation